header

Practical research : (Record no. 250289)

MARC details
000 -LEADER
fixed length control field 01018cam a2200289 a 4500
001 - CONTROL NUMBER
control field 3051364
003 - CONTROL NUMBER IDENTIFIER
control field OSt
005 - DATE AND TIME OF LATEST TRANSACTION
control field 20151008081340.0
008 - FIXED-LENGTH DATA ELEMENTS--GENERAL INFORMATION
fixed length control field 960716s1997 njuab b 001 0 eng
010 ## - LIBRARY OF CONGRESS CONTROL NUMBER
LC control number 96009917
020 ## - INTERNATIONAL STANDARD BOOK NUMBER
International Standard Book Number 0132414074 (pbk.)
040 ## - CATALOGING SOURCE
Original cataloging agency DLC
Transcribing agency DLC
Modifying agency DLC
050 00 - LIBRARY OF CONGRESS CALL NUMBER
Classification number Q180.55.M4
Item number L43 1997
082 00 - DEWEY DECIMAL CLASSIFICATION NUMBER
Classification number 001.4
Edition number 20
100 1# - MAIN ENTRY--PERSONAL NAME
Personal name Leedy, Paul D.
245 10 - TITLE STATEMENT
Title Practical research :
Remainder of title planning and design /
Statement of responsibility, etc Paul D. Leedy.
250 ## - EDITION STATEMENT
Edition statement 6th ed. /
Remainder of edition statement with contributions by Timothy J. Newby and Peggy A. Ertmer.
260 ## - PUBLICATION, DISTRIBUTION, ETC. (IMPRINT)
Place of publication, distribution, etc Upper Saddle River, N.J. :
Name of publisher, distributor, etc Merrill,
Date of publication, distribution, etc c1997.
300 ## - PHYSICAL DESCRIPTION
Extent xvi, 304 p. :
Other physical details ill. (some col.), col. maps ;
Dimensions 28 cm.
504 ## - BIBLIOGRAPHY, ETC. NOTE
Bibliography, etc Includes bibliographical references and index.
650 #0 - SUBJECT ADDED ENTRY--TOPICAL TERM
Topical term or geographic name as entry element Research
General subdivision Methodology.
700 1# - ADDED ENTRY--PERSONAL NAME
Personal name Newby, Timothy J.
Personal name Ertmer, Peggy A.
906 ## - LOCAL DATA ELEMENT F, LDF (RLIN)
a 7
b cbc
c orignew
d 1
e ocip
f 19
g y-gencatlg
942 ## - ADDED ENTRY ELEMENTS (KOHA)
Source of classification or shelving scheme Library of Congress Classification
Koha item type Long Loan Books
Holdings
Withdrawn status Lost status Source of classification or shelving scheme Damaged status Not for loan Collection code Home library Current library Shelving location Date acquired Total Checkouts Full call number Barcode Date last seen Date checked out Price effective from Koha item type
    Library of Congress Classification     Non-fiction Rongo University Library Rongo University Library General Stacks 08/10/2015 2 Q180.55.M4 L43 1997 20157089 15/11/2016 31/10/2016 08/10/2015 Long Loan Books

© 2026 Rongo University
Contact us: librarian | system librarian | Rongo university